Logo BPK

Biblioteka

Politechniki Koszalińskiej

Literatur in der Gesellschaft : (Rekord nr 49940)

Szczegóły MARC
000 -ETYKIETA REKORDU
podpole kontrolne o stałej długości 00768nam a2200241 i 4500
001 - NUMER KONTROLNY REKORDU
pole kontrolne bgj
040 ## - ŹRÓDŁO KATALOGOWANIA
Instytucja, która utworzyła rekord BPK
041 0# - KOD JĘZYKA
Kod języka tekstu ger
044 ## - KOD KRAJU WYDAWCY/PRODUCENTA
Kod kraju wydawcy/producenta DEU
080 ## - UNIWERSALNA KLASYFIKACJA DZIESIĘTNA - UKD
UKD 82
008 - POLE O STAŁEJ DŁUGOŚCI - DANE KONTROLNE
podpole kontrolne o stałej długości s gw f |000 0 ger
245 10 - TYTUŁ/ODPOWIEDZIALNOŚĆ
Tytuł Literatur in der Gesellschaft :
Ciąg dalszy tytułu Festschrift für Theo Buck zum 60. Geburtstag /
Pozostałe elementy strefy tytułu i oznaczenia odpowiedzialności hrsg. von Frank-Rutger Hausmann, Ludwig Jäger und Bernd Witte.
246 1# - WARIANT TYTUŁU
Tytuł Aufklärung - Exil - Publizistik. |Heine und Heinrich Mann in der Spuren Voltaires.
260 ## - STREFA ADRESU WYDAWNICZEGO
Miejsce wydania Tübingen :
Nazwa wydawcy/dystrybutora Gunter Narr Verlag,
Data publikacji, dystrybucji/powstania dokumentu 1990.
300 ## - STREFA OPISU FIZYCZNEGO
Objętość S. [155]-166 ;
Rozmiary 24 cm.
505 ## - SFORMALIZOWANA UWAGA DOTYCZĄCA ZAWARTOŚCI
Pełny tekst uwagi Sonderdruck
650 9# - HASŁO PRZEDMIOTOWE W FORMIE NAZWY OGÓLNEJ LUB JEDNOSTKOWEJ
Nazwa ogólna lub geograficzna Literatura
700 1# - HASŁO DODATKOWE - NAZWA OSOBOWA
Nazwa osobowa HAUSMANN, Frank-Rutger.
700 1# - HASŁO DODATKOWE - NAZWA OSOBOWA
Nazwa osobowa JÄGER, Ludwig.
700 1# - HASŁO DODATKOWE - NAZWA OSOBOWA
Nazwa osobowa WITTE, Bernd.
700 1# - HASŁO DODATKOWE - NAZWA OSOBOWA
Nazwa osobowa BETZ, Albrecht.
856 ## - LOKALIZACJA I DOSTĘP DO ELEKTRONICZNYCH DOKUMENTÓW ZDALNYCH
Link (URL) http://koha.tu.koszalin.pl/cgi-bin/koha/opac-detail.pl?biblionumber=49940
Tekst linku Katalog online BPK
942 ## - DODATKOWE ELEMENTY (KOHA)
Typ dokumentu Książka
Egzemplarze
Wycofany Status egzemplarza Uszkodzony Dostępność Lokalizacja stała Lokalizacja bieżąca Miejsce przechowywania Sygnatura Kod kreskowy Typ dokumentu
      Dostępny Biblioteka Politechniki Koszalińskiej Biblioteka Politechniki Koszalińskiej Wypożyczalnia Językowa S 2560 02438771 Książka
© 2023 Biblioteka Politechniki Koszalińskiej :: KOHA